Normal view
MARC view
- رمضان،زياد سليم
Entry Personal Name
001 - CONTROL NUMBER
- control field: 31470
003 - CONTROL NUMBER IDENTIFIER
- control field: JO-AjAnu
005 - DATE AND TIME OF LATEST TRANSACTION
- control field: 20230606075311.0
008 - FIXED-LENGTH DATA ELEMENTS
- fixed length control field: 230606|| aca||aabn | a|a d
040 ## - CATALOGING SOURCE
- Original cataloging agency: JO-AjAnu
- Transcribing agency: JO-AjAnu
100 ## - HEADING--PERSONAL NAME
- Personal name: رمضان،زياد سليم
670 ## - SOURCE DATA FOUND
- Source citation: Work cat.: (JO-AjAnu)16159: رمضان،زياد سليم, author, مبادىء الاحصاء الوصفي والتطبيقي والحيوي